000 00321nam a2200133Ia 4500
008 240624s9999 xx 000 0 und d
041 _aeng
082 _a100 WAL
100 _aWALSCH D N
245 _aCONVERSATIONS WITH GOD
260 _c1999
_aLondon
_bHodder and Stoughton
300 _aClass No : 100 WAL
365 _cRS
999 _c4125
_d4125